01185cam a2200289 a 45000010009000000050017000090080041000260200042000670200039001090200026001480200023001740400035001970820023002321000033002552450131002882500012004192600055004313000032004864900066005185040051005846500047006356530022006827000027007049420012007319990017007439520135007601608098820101202085553.0100202s2010 caua b 001 0 eng  a9780313383434 (hardcopy : alk. paper) a031338343X (hardcopy : alk. paper) a9780313383441 (ebook) a0313383448 (ebook) aDLCcDLCdYDXdYDXCPdBWXdDLC00a324.70973222bBUR1 aBurton, Michael John.92883010aCampaign Craft :bthe Strategies, Tactics, and art of Political Campaign Management /cMichael John Burton and Daniel M. Shea. a4th ed. aSanta Barbara, Calif. :bPraeger/ABC-CLIO,cc2010. ax, 250 p. :bill. ;c24 cm.1 aPraeger studies in political communication,x1062-5623928831 aIncludes bibliographical references and index. 0aCampaign managementzUnited States.928832 bPolcFebruary20121 aShea, Daniel M.928833 2ddccBB c16446d16446 00102ddc40708MERICaMAINbMAINc1STd2012-02-12epurchaseg161.00h13168l0o324.70973 BURp000026088r2025-07-15 00:00:00yBB